Избранное

Detaylı Bibliyografya
Yazar: Севела Эфраим
Dil:Rusça
Baskı/Yayın Bilgisi: СПб., Кристалл, 1999
Seri Bilgileri:Библиотека мировой литературы
Konular:
Materyal Türü: MixedMaterials Kitap
KOHA link:https://koha.lib.tpu.ru/cgi-bin/koha/opac-detail.pl?biblionumber=29822

MARC

LEADER 00000nam0a2200000 4500
001 29822
005 20231030203644.0
010 |a 5819100115 
035 |a (RuTPU)RU\TPU\book\30088 
035 |a BOOK00030164 
090 |a 29822 
100 |a 20011209d1999 u y0rusy50 ca 
101 0 |a rus 
102 |a RU 
105 |a  000ay 
200 1 |a Избранное  |f Э. Севела 
210 |a СПб.  |c Кристалл  |d 1999 
215 |a 927 с. 
225 1 |a Библиотека мировой литературы 
610 1 |a романы 
610 1 |a евреи 
675 |a Р2  |v 3 
700 1 |a Севела  |g Эфраим 
801 0 |a RU  |b 63413507  |c 20011209  |g PSBO 
942 |c BK